Zanzibar: background to revolution (Record no. 7322)

MARC details
000 -LEADER
fixed length control field 03717cam a2200829 4500
001 - CONTROL NUMBER
control field ocn600620495
003 - CONTROL NUMBER IDENTIFIER
control field TZ-ArACH
005 - DATE AND TIME OF LATEST TRANSACTION
control field 20240902093934.0
006 - FIXED-LENGTH DATA ELEMENTS--ADDITIONAL MATERIAL CHARACTERISTICS--GENERAL INFORMATION
fixed length control field m o d
007 - PHYSICAL DESCRIPTION FIXED FIELD--GENERAL INFORMATION
fixed length control field cr bn||||||abp
007 - PHYSICAL DESCRIPTION FIXED FIELD--GENERAL INFORMATION
fixed length control field cr bn||||||ada
008 - FIXED-LENGTH DATA ELEMENTS--GENERAL INFORMATION
fixed length control field 100404s1965 njub ob 000 0 eng d
010 ## - LIBRARY OF CONGRESS CONTROL NUMBER
Canceled/invalid LC control number 65017144
020 ## - INTERNATIONAL STANDARD BOOK NUMBER
International Standard Book Number 9780691000084
020 ## - INTERNATIONAL STANDARD BOOK NUMBER
Cancelled/invalid ISBN 9780691624273
020 ## - INTERNATIONAL STANDARD BOOK NUMBER
Cancelled/invalid ISBN 0691624275
029 1# - (OCLC)
OCLC library identifier AU@
System control number 000062425236
029 1# - (OCLC)
OCLC library identifier AU@
System control number 000067036285
035 ## - SYSTEM CONTROL NUMBER
System control number (OCoLC)600620495
037 ## - SOURCE OF ACQUISITION
Stock number 22573/ctt182db8g
Source of stock number/acquisition JSTOR
040 ## - CATALOGING SOURCE
Original cataloging agency OCLCE
Language of cataloging eng
Description conventions pn
Transcribing agency TZ-ArACH
042 ## - AUTHENTICATION CODE
Authentication code dlr
043 ## - GEOGRAPHIC AREA CODE
Geographic area code f-tz---
049 ## - LOCAL HOLDINGS (OCLC)
Holding library TZAA
050 #4 - LIBRARY OF CONGRESS CALL NUMBER
Classification number DT435
Item number .L67 1965
072 #7 - SUBJECT CATEGORY CODE
Subject category code POL
Subject category code subdivision 032000
Source bisacsh
072 #7 - SUBJECT CATEGORY CODE
Subject category code POL
Subject category code subdivision 040000
Source bisacsh
072 #7 - SUBJECT CATEGORY CODE
Subject category code POL
Subject category code subdivision 030000
Source bisacsh
072 #7 - SUBJECT CATEGORY CODE
Subject category code POL
Subject category code subdivision 018000
Source bisacsh
072 #7 - SUBJECT CATEGORY CODE
Subject category code HIS001020
Source bisacsh
082 04 - DEWEY DECIMAL CLASSIFICATION NUMBER
Classification number 320.96781
084 ## - OTHER CLASSIFICATION NUMBER
Classification number MI 69030
Source of number rvk
084 ## - OTHER CLASSIFICATION NUMBER
Classification number MI 57030
Source of number rvk
084 ## - OTHER CLASSIFICATION NUMBER
Classification number 3,6
Source of number ssgn
100 1# - MAIN ENTRY--PERSONAL NAME
Personal name Lofchie, Michael F.
245 10 - TITLE STATEMENT
Title Zanzibar: background to revolution
Statement of responsibility, etc by Michael F. Lofchie.
260 ## - PUBLICATION, DISTRIBUTION, ETC. (IMPRINT)
Place of publication, distribution, etc Princeton, N.J.,
Name of publisher, distributor, etc Princeton University Press,
Date of publication, distribution, etc 1965.
300 ## - PHYSICAL DESCRIPTION
Extent 1 online resource (316 pages)
Other physical details maps
504 ## - BIBLIOGRAPHY, ETC. NOTE
Bibliography, etc Includes bibliographical references (pages 288-301).
506 ## - RESTRICTIONS ON ACCESS NOTE
Materials specified Use copy
Standardized terminology for access restriction Restrictions unspecified
Source of term star
Institution to which field applies MiAaHDL
533 ## - REPRODUCTION NOTE
Type of reproduction Electronic reproduction.
Place of reproduction [Place of publication not identified] :
Agency responsible for reproduction HathiTrust Digital Library,
Date of reproduction 2010.
538 ## - SYSTEM DETAILS NOTE
System details note Master and use copy. Digital master created according to Benchmark for Faithful Digital Reproductions of Monographs and Serials, Version 1. Digital Library Federation, December 2002.
Uniform Resource Identifier <a href="http://purl.oclc.org/DLF/benchrepro0212">http://purl.oclc.org/DLF/benchrepro0212</a>
583 1# - ACTION NOTE
Action digitized
Time/date of action 2010
Jurisdiction HathiTrust Digital Library
Status committed to preserve
Source of term pda
Institution to which field applies MiAaHDL
630 07 - SUBJECT ADDED ENTRY--UNIFORM TITLE
Uniform title Sansibar
Source of heading or term gnd
650 #7 - SUBJECT ADDED ENTRY--TOPICAL TERM
Topical term or geographic name as entry element POLITICAL SCIENCE
General subdivision Essays.
Source of heading or term bisacsh
650 #7 - SUBJECT ADDED ENTRY--TOPICAL TERM
Topical term or geographic name as entry element POLITICAL SCIENCE
General subdivision Government
-- General.
Source of heading or term bisacsh
650 #7 - SUBJECT ADDED ENTRY--TOPICAL TERM
Topical term or geographic name as entry element POLITICAL SCIENCE
General subdivision Government
-- National.
Source of heading or term bisacsh
650 #7 - SUBJECT ADDED ENTRY--TOPICAL TERM
Topical term or geographic name as entry element POLITICAL SCIENCE
General subdivision Reference.
Source of heading or term bisacsh
650 #7 - SUBJECT ADDED ENTRY--TOPICAL TERM
Topical term or geographic name as entry element HISTORY
Geographic subdivision Africa
General subdivision East.
Source of heading or term bisacsh
650 #7 - SUBJECT ADDED ENTRY--TOPICAL TERM
Topical term or geographic name as entry element Geschichte
Source of heading or term gnd
651 #0 - SUBJECT ADDED ENTRY--GEOGRAPHIC NAME
Geographic name Zanzibar
General subdivision History.
651 #6 - SUBJECT ADDED ENTRY--GEOGRAPHIC NAME
Geographic name Zanzibar
General subdivision Histoire.
651 #7 - SUBJECT ADDED ENTRY--GEOGRAPHIC NAME
Geographic name Tanzania
Geographic subdivision Zanzibar
Source of heading or term fast
651 #7 - SUBJECT ADDED ENTRY--GEOGRAPHIC NAME
Geographic name Zanzibar
General subdivision Histoire.
Source of heading or term ram
655 #7 - INDEX TERM--GENRE/FORM
Genre/form data or focus term History
Source of term fast
776 08 - ADDITIONAL PHYSICAL FORM ENTRY
Display text Print version:
Main entry heading Lofchie, Michael F.
Title Zanzibar: background to revolution.
Place, publisher, and date of publication Princeton, N.J., Princeton University Press, 1965
Record control number (DLC) 65017144
-- (OCoLC)6582009
830 #0 - SERIES ADDED ENTRY--UNIFORM TITLE
Uniform title Book collections on Project MUSE.
856 40 - ELECTRONIC LOCATION AND ACCESS
Materials specified De Gruyter
Uniform Resource Identifier <a href="https://doi.org/10.1515/9781400879540">https://doi.org/10.1515/9781400879540</a>
856 40 - ELECTRONIC LOCATION AND ACCESS
Materials specified De Gruyter
Uniform Resource Identifier <a href="http://0-www.degruyter.com.oasis.unisa.ac.za/isbn/9781400879540">http://0-www.degruyter.com.oasis.unisa.ac.za/isbn/9781400879540</a>
856 40 - ELECTRONIC LOCATION AND ACCESS
Materials specified EBSCOhost
Uniform Resource Identifier <a href="https://search.ebscohost.com/login.aspx?direct=true&scope=site&db=nlebk&db=nlabk&AN=1078770">https://search.ebscohost.com/login.aspx?direct=true&scope=site&db=nlebk&db=nlabk&AN=1078770</a>
856 40 - ELECTRONIC LOCATION AND ACCESS
Materials specified Google
Uniform Resource Identifier <a href="http://books.google.com/books?id=wVJ0AAAAMAAJ">http://books.google.com/books?id=wVJ0AAAAMAAJ</a>
856 40 - ELECTRONIC LOCATION AND ACCESS
Materials specified HathiTrust Digital Library, Limited view (search only)
Uniform Resource Identifier <a href="http://catalog.hathitrust.org/api/volumes/oclc/6582009.html">http://catalog.hathitrust.org/api/volumes/oclc/6582009.html</a>
856 40 - ELECTRONIC LOCATION AND ACCESS
Materials specified JSTOR
Uniform Resource Identifier <a href="https://www.jstor.org/stable/10.2307/j.ctt183q0j7">https://www.jstor.org/stable/10.2307/j.ctt183q0j7</a>
856 40 - ELECTRONIC LOCATION AND ACCESS
Materials specified MyiLibrary
Uniform Resource Identifier <a href="http://www.myilibrary.com?id=847836">http://www.myilibrary.com?id=847836</a>
856 40 - ELECTRONIC LOCATION AND ACCESS
Materials specified Project MUSE
Uniform Resource Identifier <a href="https://muse.jhu.edu/book/44300">https://muse.jhu.edu/book/44300</a>
856 42 - ELECTRONIC LOCATION AND ACCESS
Materials specified De Gruyter, Cover
Uniform Resource Identifier <a href="http://www.degruyter.com/doc/cover/9781400879540.jpg">http://www.degruyter.com/doc/cover/9781400879540.jpg</a>
856 42 - ELECTRONIC LOCATION AND ACCESS
Materials specified De Gruyter, Cover
Uniform Resource Identifier <a href="https://www.degruyter.com/doc/cover/9781400879540.jpg">https://www.degruyter.com/doc/cover/9781400879540.jpg</a>
856 40 - ELECTRONIC LOCATION AND ACCESS
Uniform Resource Identifier <a href="http://libezp.lib.lsu.edu/login?url=https://muse.jhu.edu/book/44300/">http://libezp.lib.lsu.edu/login?url=https://muse.jhu.edu/book/44300/</a>
856 40 - ELECTRONIC LOCATION AND ACCESS
Uniform Resource Identifier <a href="https://archive.org/details/zanzibarbackgrou0000lofc">https://archive.org/details/zanzibarbackgrou0000lofc</a>
Public note Free eBook from the Internet Archive
856 40 - ELECTRONIC LOCATION AND ACCESS
Uniform Resource Identifier <a href="https://openlibrary.org/books/OL22081544M">https://openlibrary.org/books/OL22081544M</a>
Public note Additional information and access via Open Library
942 ## - ADDED ENTRY ELEMENTS (KOHA)
Source of classification or shelving scheme Library of Congress Classification
Koha item type Books
Holdings
Home library Current library Date acquired Full call number Barcode Koha item type
African Court on Human and Peoples' Rights Library African Court on Human and Peoples' Rights Library 02/09/2024 DT435 .L67 1965 10186883 Books

African Court on Human and Peoples' Rights | For Inquiries Contact » +255 272 510 510